| 000 | 00358nam a2200145Ia 4500 | ||
|---|---|---|---|
| 008 | 230312s9999||||xx |||||||||||||| ||und|| | ||
| 020 | _a9788131717189 | ||
| 082 |
_a621.072 _bBEC-M |
||
| 100 | _aBeckwith, Thomas G. | ||
| 245 | 0 | _aMechanical Measurements | |
| 260 |
_bPearson Education _aIndia _c2008 |
||
| 546 | _aEng. | ||
| 650 | _aEngineering | ||
| 942 | _cBK | ||
| 999 |
_c6177 _d6177 |
||